000 00709nam a2200205 u 4500
005 20220816140312.0
008 180125s2014 mx r 000 0 spa d
020 _a9786076426360
035 _aUPN01000222431
049 _aCG
050 4 _aHQ799 M6
_bD4.7
245 0 0 _aDesafíos y paradojas :
_blos jóvenes frente a las desigualdades sociales /
_ccoord. Minor Mora Salas.
260 _aMéxico :
_bEl Colegio de México, Centro de Estudios Sociológicos,
_c2014.
300 _a480 p. :
_bgráfs., cuadros
650 7 _aJóvenes
_zMéxico
_xCondiciones sociales
_2
_921104
650 4 _aIGUALDAD -
_xASPECTOS ECONOMICOS
_925405
700 1 _aMora Salas, Minor,
_ecoord.
905 _aLibro
999 _c194528
_d194528